India and central Asia in modern times: a study in historical cultural contracts from the early ninteenth century (Record no. 15310)

MARC details
000 -LEADER
fixed length control field 00446nam a2200133Ia 4500
082 ## - DEWEY DECIMAL CLASSIFICATION NUMBER
Classification number 327.5405 KAU-I
100 ## - MAIN ENTRY--AUTHOR NAME
Personal name Kaushik, Devendr;
245 #0 - TITLE STATEMENT
Title India and central Asia in modern times: a study in historical cultural contracts from the early ninteenth century
260 ## - PUBLICATION, DISTRIBUTION, ETC. (IMPRINT)
Place of publication New Delhi
Name of publisher Satvahan Publications
Year of publication 1985
300 ## - PHYSICAL DESCRIPTION
Number of Pages 134p.
650 ## - SUBJECT ADDED ENTRY--TOPICAL TERM
Topical Term India - Foreign relations
650 ## - SUBJECT ADDED ENTRY--TOPICAL TERM
Topical Term Asia, Central - Foreign relations - India
942 ## - ADDED ENTRY ELEMENTS (KOHA)
Koha item type Books
Holdings
Withdrawn status Lost status Damaged status Not for loan Home library Current library Date acquired Bill Date Full call number Accession Number Price effective from Koha item type
        NASSDOC Library NASSDOC Library 08/06/2004 2004-10-05 327.5405 KAU-I 37730 18/04/2019 Books